Exportní příležitosti: Chorvatsko
Základná charakteristika ekonomiky Chorvátska. Podmienky pre vstup zahraničného kapitálu. Chorvátsky trh a príležitosti pre českých exportérov. Veľtrhy a výstavy. Užitočné kontakty a zdroje informácií, www stránky.
Guardado en:
| Autor principal: | |
|---|---|
| Formato: | Capítulo de libro |
| Lenguaje: | checo |
| Materias: | |
| Etiquetas: |
Sin Etiquetas, Sea el primero en etiquetar este registro!
|
MARC
| LEADER | 00000naa$a2200000$$$4500 | ||
|---|---|---|---|
| 001 | 0012981 | ||
| 005 | 20230908091032.5 | ||
| 041 | 0 | |a cze | |
| 044 | |a CZ | ||
| 245 | 1 | 0 | |a Exportní příležitosti: Chorvatsko |c aut. Vítězslav Schwarz |
| 520 | |a Základná charakteristika ekonomiky Chorvátska. Podmienky pre vstup zahraničného kapitálu. Chorvátsky trh a príležitosti pre českých exportérov. Veľtrhy a výstavy. Užitočné kontakty a zdroje informácií, www stránky. | ||
| 610 | 2 | 0 | |a obchod zahraničný |
| 610 | 2 | 0 | |a styk zahraničnoobchodný |
| 610 | 2 | 0 | |a Chorvátsko |
| 610 | 2 | 0 | |a Česko |
| 610 | 2 | 0 | |a trh zahraničný |
| 610 | 2 | 0 | |a informácie obchodno-ekonomické |
| 610 | 2 | 0 | |a vývoz |
| 610 | 2 | 0 | |a vzťahy hospodárske vonkajšie |
| 610 | 2 | 0 | |a styk zahraničnoobchodný |
| 100 | 1 | |a Schwarz, Vítězslav | |